000
00325nam a22001337a 4500
008
170907b xxu||||| |||| 00| 0 eng d
020
_a
069712682-X
041
_a
eng
080
_a
91
100
_a
42
101
_a
GJEO
245
_a
AN INTRODUCTION TO STATISTICAL PROBLEM SOLVING IN GEOGRAPHY
_c
GREW,J,C
942
_2
udc
_c
BK
999
_c
26593
_d
26593